| 000 | 01619cam a22003735a 4500 | ||
|---|---|---|---|
| 001 | 017626098 | ||
| 003 | Uk | ||
| 005 | 20160811143049.0 | ||
| 006 | m || d | | ||
| 007 | cr ||||||||||| | ||
| 008 | 151116s2016 ne a fr 001|0|eng|d | ||
| 015 |
_aGBB5G8883 _2bnb |
||
| 020 | _a0128025069 | ||
| 020 | _a9780128025062 | ||
| 037 |
_a9780128026441 _bIngram Content Group |
||
| 040 |
_aStDuBDS _beng _cStDuBDS _dEG-ScBUE _epn |
||
| 082 | 0 | 4 |
_222 _a333.7916 _bSMI |
| 100 | 1 |
_aSmith, Craig B. _940739 |
|
| 245 | 1 | 0 |
_aEnergy management principles : _bapplications, benefits, savings / _cCraig B. Smith, Kelly E. Parmenter. |
| 250 | _a2nd ed. | ||
| 260 |
_aAmsterdam : _bElsevier, _c2016. |
||
| 300 |
_axix, 410 p. : _bill. ; _c22 cm. |
||
| 500 | _aIndex : p. 397-410 | ||
| 505 | 0 | _a1. Introduction -- 2. Catalysts for Energy Management -- 3. General Principles of Energy Management -- 4. Planning Energy Management Programs -- 5. Understanding Utility Rates and Programs -- 6. Building and Site Energy Audits -- 7. Energy Analysis -- 8. Management of Heating and Cooling -- 9. Lighting Management -- 10. Transportation -- 11. Management of Process Energy -- 12. Integrated Building Systems -- 13. The Economics of Efficient Energy Use-- 14. Implementation and Continuous Assessment. | |
| 650 | 7 |
_aEnergy conservation. _2BUEsh |
|
| 650 | 7 |
_aPower resources. _2BUEsh _95869 |
|
| 651 | _2BUEsh | ||
| 653 |
_bENGGEN _cAugust 2016 |
||
| 700 | 1 | _aParmenter, Kelly, | |
| 903 | _aELD.DS.44135 | ||
| 942 |
_2ddc _e22 _k333.7916 SMI |
||
| 999 |
_c22168 _d22140 |
||